| 000 | 00734 a2200217 4500 | ||
|---|---|---|---|
| 005 | 20090526163612.0 | ||
| 008 | 090526t xxu||||| |||| 00| 0 eng d | ||
| 010 | _aENG-88756 | ||
| 020 |
_c695.00 _a8131303689 |
||
| 035 | _aEN-72289 | ||
| 037 | _bDBAD / PUB | ||
| 082 | _a363.34 | ||
| 100 | _aSingh, S. R. | ||
| 245 |
_aDisaster management/ _cby S. R. Singh |
||
| 260 |
_aNew Delhi _bAPH Publishing _c2008 |
||
| 270 |
_a4435-36/7, Ansari Road, Darya Ganj _bNew Delhi _k011-23274050 _e110 002 _maphbooks@vsnl.net |
||
| 300 |
_axi, 288 p. _c23 cm. (Hb). |
||
| 500 | _aIncludes index | ||
| 942 |
_adpl _cEN _k363.34 / SIN _2ddc |
||
| 999 |
_c9148 _d9148 |
||